| 000 | 00583nam a2200193Ia 4500 | ||
|---|---|---|---|
| 005 | 20260120132033.0 | ||
| 008 | 008 260114s9999 xx 000 0 eng d | ||
| 020 | _a9781383037968 | ||
| 037 | _aEBOOK | ||
| 040 |
_aCRL _beng _cCRL |
||
| 041 |
_aeng _2eng |
||
| 084 | _qCRL | ||
| 100 |
_aPapineau _9934186 |
||
| 245 | 4 | _aThe Roots of Reason: Philosophical Essays on Rationality, Evolution, and Probability | |
| 260 |
_bOxford University PressOxford University Press _c2023 |
||
| 856 | _uhttps://academic.oup.com/book/49545 | ||
| 942 | _cEBOOK | ||
| 999 |
_c1526109 _d1526109 |
||